| 000 | 00551aam a2200229 4500 | ||
|---|---|---|---|
| 005 | 20260410164159.0 | ||
| 008 | 150306b2011 xxu||||| |||| 00| 0 spa d | ||
| 020 | _a9088479028749 | ||
| 041 | _aESP | ||
| 082 | _a796.815.3 K16k | ||
| 100 |
_aKanazawa, Hirokazu _914836 |
||
| 245 | _aKarate: manual completo de katas | ||
| 260 | _aEspaña | ||
| 260 | _bTutor | ||
| 260 | _c2011 | ||
| 300 | _a240 páginas | ||
| 490 | _aTemática General | ||
| 650 | _aKARATE | ||
| 650 | _aARTES MARCIALES | ||
| 650 | _aDEFENSA PERSONAL | ||
| 942 |
_cBK _2ddc |
||
| 999 |
_c3713 _d3713 |
||